Khutbaat (خطبات) / (Record no. 612643)
[ view plain ]
| 000 -LEADER | |
|---|---|
| fixed length control field | 00360nam a22001457a 4500 |
| 003 - CONTROL NUMBER IDENTIFIER | |
| control field | NUST |
| 005 - DATE AND TIME OF LATEST TRANSACTION | |
| control field | 20250114113459.0 |
| 020 ## - INTERNATIONAL STANDARD BOOK NUMBER | |
| International Standard Book Number | 9789694230238 |
| 082 ## - DEWEY DECIMAL CLASSIFICATION NUMBER | |
| Classification number | 297,MOL |
| 245 ## - TITLE STATEMENT | |
| Title | Khutbaat (خطبات) / |
| Statement of responsibility, etc. | Molana Syed Abu Al Ali Nadvi, |
| 260 ## - PUBLICATION, DISTRIBUTION, ETC. | |
| Place of publication, distribution, etc. | Islamic Publication |
| Name of publisher, distributor, etc. | Lahore |
| Date of publication, distribution, etc. | 2014 |
| 300 ## - PHYSICAL DESCRIPTION | |
| Extent | 288 p |
| 650 ## - SUBJECT ADDED ENTRY--TOPICAL TERM | |
| Topical term or geographic name entry element | Khutbaat |
| 9 (RLIN) | 127554 |
| 942 ## - ADDED ENTRY ELEMENTS (KOHA) | |
| Source of classification or shelving scheme | |
| Koha item type | Book |
| Withdrawn status | Lost status | Source of classification or shelving scheme | Damaged status | Not for loan | Permanent Location | Current Location | Shelving location | Date acquired | Shelving control number | Full call number | Barcode | Date last seen | Price effective from | Koha item type | Public note |
|---|---|---|---|---|---|---|---|---|---|---|---|---|---|---|---|
| Military College of Signals (MCS) | Military College of Signals (MCS) | General Stacks | 01/14/2025 | Islamic Books | 297,MOL | MCS38882 | 01/14/2025 | 01/14/2025 | Book | Almirah No.63, Shelf No.2 |
